000
00243nam a2200085Ia 4500
245
0
_a
If you were a contraction
100
_a
SHASKAN, Trisha Speed Mankato, Minn., 2009
_9
78905
942
_c
BK
008
210817s9999 xx 000 0 und d
999
_c
273459
_d
273456